№ 110-67; Взрывное дело

Dades bibliogràfiques
Parent link:Взрывное дело: научно-технический сборник/ Российская академия наук (РАН), Институт проблем комплексного освоения недр (ИПКОН). № 110-67.— , 2013-2017.— 0372-7009
Sumari:Режим доступа: по договору с организацией-держателем ресурса
Idioma:rus
Publicat: 2013
Accés en línia:https://elibrary.ru/contents.asp?id=33933185
Format: MixedMaterials Electrònic Llibre
KOHA link:https://koha.lib.tpu.ru/cgi-bin/koha/opac-detail.pl?biblionumber=578414

MARC

LEADER 00000nam2a2200000 4500
001 578414
005 20231101130442.0
035 |a (RuTPU)RU\TPU\prd\277986 
035 |a RU\TPU\prd\277985 
090 |a 578414 
100 |a 20180621a19229999k y0rusy50 ca 
101 0 |a rus 
102 |a RU 
181 0 |a i  
182 0 |a b 
200 0 |a № 110-67  |b Электронный ресурс 
203 |a Текст  |c электронный 
210 |d 2013 
333 |a Режим доступа: по договору с организацией-держателем ресурса 
461 1 |0 (RuTPU)RU\TPU\prd\277984  |x 0372-7009  |t Взрывное дело  |o научно-технический сборник  |f Российская академия наук (РАН), Институт проблем комплексного освоения недр (ИПКОН)  |v № 110-67  |d 2013-2017 
801 0 |a RU  |b 63413507  |c 20010227  |g PSBO 
801 1 |a RU  |b 63413507  |c 20160324 
801 2 |a RU  |b 63413507  |c 20180621  |g RCR 
856 4 0 |u https://elibrary.ru/contents.asp?id=33933185 
942 |c BK